000 00896nam a2200253Ia 4500
003 OSt
005 20221005102836.0
006 a|||||r|||| 00| 0
007 ta
008 221004b |||||||| |||| 00| 0 san d
024 _a33004
037 _cTextual
040 _aCRL
_cCRL
_bsan
041 _2san
_asan
082 _aO15v, M2
100 _aसक्सेना, द्वारिकाप्रसाद
245 0 _aसंस्कृत साहित्य का इतिहास
246 _aSanskṛut sāhitya kā itihāsa
260 _aआगरा
_bविनोद पुस्तक मन्दिर भारत
_c1982
300 _a331पृ.
_ccm.
650 _aसंस्कृत साहित्य
942 _hO15v, M2
_cTEXL
_2cc
999 _c1009043
_d1009043